Catálogo público

Memoria económica 1969-1970 / (Record no. 172573)

MARC details
000 -CABECERA
campo de control de longitud fija 01257nam a2200325Ia 4500
001 - NÚMERO DE CONTROL
campo de control dia_2035
003 - IDENTIFICADOR DEL NÚMERO DE CONTROL
campo de control CHAP
005 - FECHA Y HORA DE LA ÚLTIMA TRANSACCIÓN
campo de control 20251023152340.0
008 - DATOS DE LONGITUD FIJA--INFORMACIÓN GENERAL
campo de control de longitud fija 220117s1970 xx 000 0 und d
010 ## - NÚMERO DE CONTROL DE LA BIBLIOTECA DEL CONGRESO
Número de control de LC 172573
040 ## - FUENTE DE LA CATALOGACIÓN
Centro/agencia transcriptor CHAP
082 ## - NÚMERO DE LA CLASIFICACIÓN DECIMAL DEWEY
Número de clasificación 634.980972 C36 1970
110 ## - ENTRADA PRINCIPAL--NOMBRE DE ENTIDAD CORPORATIVA
Nombre de entidad corporativa o nombre de jurisdicción como elemento de entrada Cámara Nacional de las Industrias Derivadas de la Silvicultura
9 (RLIN) 152120
245 ## - MENCIÓN DE TÍTULO
Título Memoria económica 1969-1970 /
Mención de responsabilidad, etc. dirección Ernestina Vidal Arteaga ; colaboración Roberto Flores Becerril...[et al.]
260 ## - PUBLICACIÓN, DISTRIBUCIÓN, ETC.
Lugar de publicación, distribución, etc. México :
Nombre del editor, distribuidor, etc. Cámara Nacional de las Industrias Derivadas de la Silvicultura,
Fecha de publicación, distribución, etc. 1970
300 ## - DESCRIPCIÓN FÍSICA
Extensión 74 p.
590 ## - NOTA LOCAL (RLIN)
Nota local HD9764.M4 C36 1970
650 ## - PUNTO DE ACCESO ADICIONAL DE MATERIA--TÉRMINO DE MATERIA
Término de materia o nombre geográfico como elemento de entrada Estadística forestal
Subdivisión general México
9 (RLIN) 152121
650 ## - PUNTO DE ACCESO ADICIONAL DE MATERIA--TÉRMINO DE MATERIA
Término de materia o nombre geográfico como elemento de entrada Forest products
Subdivisión general Economical aspects
-- Mexico
9 (RLIN) 152122
650 ## - PUNTO DE ACCESO ADICIONAL DE MATERIA--TÉRMINO DE MATERIA
Término de materia o nombre geográfico como elemento de entrada Forest statistics
Subdivisión general Mexico
9 (RLIN) 152123
650 ## - PUNTO DE ACCESO ADICIONAL DE MATERIA--TÉRMINO DE MATERIA
Término de materia o nombre geográfico como elemento de entrada Productos forestales
Subdivisión general Aspectos económicos
-- México
9 (RLIN) 152124
650 ## - PUNTO DE ACCESO ADICIONAL DE MATERIA--TÉRMINO DE MATERIA
Término de materia o nombre geográfico como elemento de entrada Silvicultura
Subdivisión general México
9 (RLIN) 106123
650 ## - PUNTO DE ACCESO ADICIONAL DE MATERIA--TÉRMINO DE MATERIA
Término de materia o nombre geográfico como elemento de entrada Silviculture
Subdivisión general Mexico
9 (RLIN) 152125
700 ## - PUNTO DE ACCESO ADICIONAL--NOMBRE DE PERSONA
Nombre de persona Flores Becerril, Roberto, colab.
9 (RLIN) 152132
700 ## - PUNTO DE ACCESO ADICIONAL--NOMBRE DE PERSONA
Nombre de persona Vidal Arteaga, Ernestina, dir.
9 (RLIN) 152127
901 ## - ELEMENTOS DE DATOS A LOCAL LDA (RLIN)
a 634.980972 C36 1970
902 ## - ELEMENTOS DE DATOS B LOCAL, LDB (RLIN)
a M
905 ## - ELEMENTOS DE DATOS E LOCAL, LDE (RLIN)
a 5232271970 mx abmn8215223322spa16
942 ## - ELEMENTOS DE PUNTO DE ACCESO ADICIONAL (KOHA)
Tipo de ítem Koha Libro
Fuente del sistema de clasificación o colocación Dewey Decimal Classification
Holdings
Estado de retiro Estado de pérdida Fuente del sistema de clasificación o colocación Estado dañado No para préstamo Código de colección Localización permanente Ubicación/localización actual Ubicación en estantería Fecha de adquisición Información codificada de la localización en otra ubicación Total de préstamos Código de barras Fecha visto por última vez Número de copia Precio válido a partir de Tipo de ítem Koha
    Dewey Decimal Classification     General Ingenieria Agroindustrial Ingenieria Agroindustrial   18/01/2022 1   dia_000179 18/01/2022 1 18/01/2022 Libro